Statystyki dla Najmniej znane marki samochodów

Kliknij tutaj aby rozwiązać quiz!

Ogólne statystyki

  • Ten quiz został rozwiązany 41 razy
  • Średni wynik to 4 z 46

Statystyki odpowiedzi

Kraje pochodzeniaMarki% Poprawnych
IndieTata
54%
RosjaŁada
49%
Szwecja(łatwe)Koenigsegg
43%
RosjaGAZ
19%
NiemcyMercedes-Maybach
19%
Korea PołudniowaSsangYong
19%
Stany ZjednoczoneLincoln
16%
Wielka BrytaniaMorgan Motor Company
16%
Wielka BrytaniaTVR
16%
DaniaZenvo
16%
hiszpaniaCupra
14%
JaponiaInfiniti
14%
Wielka BrytaniaMG
14%
Włochy(łatwe)Pagani
14%
NiemcyBrabus
11%
RosjaKAMAZ
11%
Wielka BrytaniaNoble
11%
ChorwacjaRimac
11%
Wielka BrytaniaRolls-Royce
11%
Wielka BrytaniaCaterham
8%
PolskaIzera
8%
Stany ZjednoczoneChrysler
5%
HolandiaDAF Trucks NV
5%
Stany ZjednoczoneEagle
5%
ChinyNIO
5%
Stany ZjednoczoneSaleen
5%
NiemcyApollo automobile
3%
Wielka BrytaniaAscari cars
3%
JaponiaDatsun
3%
ChinyFAW
3%
PolskaMelex
3%
Stany Zjednoczonemosler
3%
AustraliaBolwell
0%
Stany ZjednoczoneHennesey
0%
SłowacjaK-1 Engineering s.r.o.
0%
Stany ZjednoczoneLucid Motors
0%
AmerykaMerkur
0%
Wielka BrytaniaMorris Motor Company
0%
Stany ZjednoczoneMyers
0%
BrazyliaObvio
0%
SzwajcariaPiech Automotive AG
0%
Stany ZjednoczoneRAESR
0%
Stany ZjednoczoneShelby
0%
Wielka BrytaniaUltima Sports
0%
ChinyWuling
0%
ChinyZinoro
0%

Rozkład punktacji

Percentyl według liczby udzielonych odpowiedzi

Procent ludzi z każdym wynikiem

Twoja historia wyników

Nie rozwiązałeś tego quizu